000 00961nam a2200301 a 4500
001 BRL_1699
005 20190320211328.0
008 270514s1983----mx-a######---#000-0#spa-#
020 _a9681314301
041 _aspa
044 _amx
050 4 _aDS121.55
_b.V45 1983
100 1 _aVelikovsky, Immanuel
_927663
245 1 0 _aSiglos caóticos
_cImmanuel Velikovsky.
260 _aMéxico
_bDiana
_c1983
300 _a309 p.
_bil.
_c23 cm.
500 _aAu2161
500 _aTraducción de: Ages in chaos.
500 _aIncluye índice analítico.
500 _aEn la pasta:´Recosntrucción de la historia antigua desde él Éxodo hasta el rey Akenatón.
650 1 4 _aTell el-Amarna (Tablilla)
_927664
650 1 4 _aJudíos
_xHistoria
_y1200-953 a. C.
_927665
650 1 4 _aBiblioa, A. T.
_xÉxodo
_927666
651 4 _aIran
_xHistoria
_yHasta 640 d.C.
_927667
651 4 _aEgipto
_xHistoria
_yHasta 640 d.C.
_927668
902 _aGRL
942 _2lcc
_cB
999 _c10507
_d10507